Kesäolympialaisten järjestäjäkaupungit - Äkkikuolema - Statistics

Yleistilastot
  • Tätä visaa on pelattu 1 350 kertaa
  • Keskiarvotulos 13 / 23
Answers on the Grid
Answers color-coded by a green-red scale on the quiz's grid according to % correct below.
Amsterdam
Antwerpen
Ateena
Atlanta
Auckland
Barcelona
Berliini
Buenos Aires
Chicago
Helsinki
Hongkong
Istanbul
Kairo
Kapkaupunki
Kööpenhemina
Lontoo
Los Angeles
Melbourne
México
Montreal
Moskova
Mumbai
München
New York
Osaka
Pariisi
Peking
Perth
Pietari
Rio de Janeiro
Rooma
Singapore
Soul
St. Louis
Sydney
Tokio
Toronto
Tukholma
Varsova
Wien
 
Vastaustilastot
Vastaus % Oikein
1896, 2004 Ateena
86%
1952 Helsinki
77%
1936 Berliini
73%
1908, 1948, 2012 Lontoo
70%
1900, 1924, 2024 Pariisi
66%
1992 Barcelona
65%
1932, 1984, 2028 Los Angeles
63%
1996 Atlanta
61%
1964, 2020 Tokio
60%
2016 Rio de Janeiro
57%
1960 Rooma
57%
1928 Amsterdam
56%
2008 Peking
56%
1980 Moskova
54%
2000 Sydney
54%
1972 München
52%
1912 Tukholma
52%
1968 México
46%
1988 Soul
46%
1920 Antwerpen
44%
1956 Melbourne
41%
1976 Montreal
39%
1904 St. Louis
27%
Ehtoja vastaavia visoja ei löytynyt
Tulosjakauma
Jokaisen tuloksen saaneiden osuus
Persentiili vastausten määrän mukaan
Tuloshistoriasi
Et ole pelannut tätä visaa